00549 a2200157 4500010001400000020002600014035001300040037001600053082001400069100001800083245009700101260004000198270008000238300002300318500005000341 aENG-89168 a9788178298306c495.00 aEN-72701 bDBAD / PUB14a320.80954 aWidmalm, Sten1 aDecentralisation, corruption and social capital :cby Sten Widmalmbfrom India to the West / aNew DelhibSage Publicationsc2008 aB1/11, Mohan Cooperative Industrial Area, Mathura RoadbNew Delhie110 044 a229p.c21cm (Hb ) aIncludes bibliographical references and index